[Event "25th Klatovy A 2017"]
[Site "Klatovy CZE"]
[Date "2017.07.08"]
[Round "8.7"]
[White "Furman, Boris"]
[Black "Slovak, Kilian"]
[Result "1/2-1/2"]
[WhiteElo "2177"]
[BlackElo "2254"]
[PlyCount "63"]
[EventDate "2017.07.01"]
[EventType "swiss"]
[EventRounds "9"]
[EventCountry "CZE"]
[SourceTitle "EXT 2018"]
[Source "ChessBase"]
[SourceDate "2017.10.13"]
[SourceVersion "1"]
[SourceVersionDate "2017.10.13"]
[SourceQuality "1"]

1. d4 Nf6 2. c4 g6 3. Nc3 Bg7 4. Nf3 O-O 5. Bg5 c5 6. d5 b5 7. Nxb5 Ne4 8. Bc1 Qa5+ 9. Nd2 a6 10. Na3 d6 11. g3 Bd7 12. Qb3 Ba4 13. Qd3 f5 14. Bg2 Nf6 15. O-O Nbd7 16. f4 Ng4 17. Nf3 Ndf6 18. h3 Nh6 19. Ng5 Rfb8 20. Bd2 Qb6 21. Bc3 Bd7 22. Nb1 Nf7 23. Nxf7 Kxf7 24. Nd2 Re8 25. Rab1 Rab8 26. g4 fxg4 27. e4 Kg8 28. f5 gxh3 29. Bxh3 g5 30. Qg3 h6 31. Bg4 Rf8 32. Bf3 1/2-1/2

[Event "25th Klatovy A 2017"]
[Site "Klatovy CZE"]
[Date "2017.07.08"]
[Round "8.8"]
[White "Zeman, Matyas"]
[Black "Duhayon, Yves"]
[Result "1/2-1/2"]
[WhiteElo "2166"]
[BlackElo "2198"]
[PlyCount "46"]
[EventDate "2017.07.01"]
[EventType "swiss"]
[EventRounds "9"]
[EventCountry "CZE"]
[SourceTitle "EXT 2018"]
[Source "ChessBase"]
[SourceDate "2017.10.13"]
[SourceVersion "1"]
[SourceVersionDate "2017.10.13"]
[SourceQuality "1"]

1. e4 e5 2. Nf3 Nc6 3. d4 exd4 4. Nxd4 Bc5 5. Be3 Qf6 6. c3 Nge7 7. Bc4 O-O 8. O-O b6 9. Kh1 Bb7 10. f4 d5 11. Nxc6 Qxc6 12. exd5 Nxd5 13. Bxd5 Qxd5 14. Qxd5 Bxd5 15. Bxc5 bxc5 16. Na3 Rfe8 17. c4 Bc6 18. Rf2 Re4 19. Kg1 Rae8 20. Rd1 Re1+ 21. Rxe1 Rxe1+ 22. Rf1 Re2 23. Rf2 Re1+ 1/2-1/2

[Event "25th Klatovy A 2017"]
[Site "Klatovy CZE"]
[Date "2017.07.08"]
[Round "8.9"]
[White "Hadraba, Vladimir"]
[Black "Jelinek, Michal"]
[Result "1/2-1/2"]
[WhiteElo "2197"]
[BlackElo "2085"]
[PlyCount "81"]
[EventDate "2017.07.01"]
[EventType "swiss"]
[EventRounds "9"]
[EventCountry "CZE"]
[SourceTitle "EXT 2018"]
[Source "ChessBase"]
[SourceDate "2017.10.13"]
[SourceVersion "1"]
[SourceVersionDate "2017.10.13"]
[SourceQuality "1"]

1. e4 e6 2. d4 d5 3. Nc3 Bb4 4. e5 c5 5. a3 Bxc3+ 6. bxc3 Ne7 7. a4 Qc7 8. Nf3 h6 9. Bd3 b6 10. O-O Ba6 11. a5 Bxd3 12. cxd3 Qc6 13. dxc5 bxc5 14. Ba3 O-O 15. Qe2 Nd7 16. d4 Rfc8 17. c4 Qa6 18. Rfc1 Ng6 19. dxc5 dxc4 20. Qe3 Rab8 21. Qd4 Qb5 22. h4 Nxc5 23. Rxc4 Nb3 24. Rxc8+ Rxc8 25. Qb2 Qd5 26. Re1 Nxa5 27. Qe2 Nb3 28. Qe3 a5 29. h5 Nf8 30. Qe2 Qc4 31. Qd1 Qc2 32. Qd6 Qc6 33. Qd3 Qc3 34. Qd6 Qc6 35. Qd3 Nc5 36. Qc3 Nb7 37. Qe3 Rd8 38. Rc1 Qd7 39. Qb6 Rc8 40. Rb1 Nd8 41. Bxf8 1/2-1/2

[Event "25th Klatovy A 2017"]
[Site "Klatovy CZE"]
[Date "2017.07.08"]
[Round "8.10"]
[White "Hurdzan, Tomas"]
[Black "Bartos, Jan"]
[Result "1/2-1/2"]
[WhiteElo "2164"]
[BlackElo "2189"]
[PlyCount "42"]
[EventDate "2017.07.01"]
[EventType "swiss"]
[EventRounds "9"]
[EventCountry "CZE"]
[SourceTitle "EXT 2018"]
[Source "ChessBase"]
[SourceDate "2017.10.13"]
[SourceVersion "1"]
[SourceVersionDate "2017.10.13"]
[SourceQuality "1"]

1. e4 e5 2. Nf3 Nc6 3. Bb5 Nge7 4. Nc3 Ng6 5. d4 exd4 6. Nxd4 Nxd4 7. Qxd4 c6 8. Be2 Qb6 9. Qd3 Be7 10. O-O O-O 11. Rb1 d6 12. Be3 Qd8 13. g4 Ne5 14. Qd1 h5 15. h3 hxg4 16. hxg4 Qd7 17. f3 Qe6 18. Rf2 g5 19. Qd2 Qg6 20. Rbf1 Be6 21. Bd3 Kg7 1/2-1/2

[Event "25th Klatovy A 2017"]
[Site "Klatovy CZE"]
[Date "2017.07.08"]
[Round "8.11"]
[White "Weber, Dirk"]
[Black "Strnad, Jakub"]
[Result "1-0"]
[WhiteElo "2269"]
[BlackElo "1980"]
[PlyCount "55"]
[EventDate "2017.07.01"]
[EventType "swiss"]
[EventRounds "9"]
[EventCountry "CZE"]
[SourceTitle "EXT 2018"]
[Source "ChessBase"]
[SourceDate "2017.10.13"]
[SourceVersion "1"]
[SourceVersionDate "2017.10.13"]
[SourceQuality "1"]

1. e4 e5 2. f4 d6 3. Nf3 Nc6 4. Bb5 Bd7 5. d3 exf4 6. Bxf4 Nf6 7. Nc3 Be7 8. O-O O-O 9. a3 Re8 10. d4 Bf8 11. Bd3 h6 12. Qd2 Bg4 13. Be3 Qd7 14. Rae1 Rad8 15. Qf2 Bh5 16. h3 a6 17. Kh1 Bg6 18. Bc1 b5 19. Nh4 Bh7 20. Bxh6 gxh6 21. Qxf6 Bg7 22. Qf4 Nxd4 23. Nd5 Re6 24. Nf5 Nxf5 25. exf5 Re5 26. f6 Bf8 27. Ne7+ Bxe7 28. Qxh6 1-0

[Event "25th Klatovy A 2017"]
[Site "Klatovy CZE"]
[Date "2017.07.08"]
[Round "8.12"]
[White "Bujnoch, Radek"]
[Black "Kostelecky, Daniel"]
[Result "1-0"]
[WhiteElo "2261"]
[BlackElo "1908"]
[PlyCount "49"]
[EventDate "2017.07.01"]
[EventType "swiss"]
[EventRounds "9"]
[EventCountry "CZE"]
[SourceTitle "EXT 2018"]
[Source "ChessBase"]
[SourceDate "2017.10.13"]
[SourceVersion "1"]
[SourceVersionDate "2017.10.13"]
[SourceQuality "1"]

1. e4 e5 2. Nf3 Nc6 3. d4 exd4 4. Nxd4 d6 5. Nc3 g6 6. Be3 Bg7 7. Qd2 Nf6 8. f3 O-O 9. O-O-O Nxd4 10. Bxd4 Be6 11. Kb1 c5 12. Be3 Qa5 13. Nd5 Qxd2 14. Nxf6+ Bxf6 15. Rxd2 Rfd8 16. Be2 Kf8 17. Rhd1 Ke7 18. f4 Rac8 19. g4 Rc6 20. e5 Bg7 21. Rxd6 Rdc8 22. f5 gxf5 23. gxf5 Bxf5 24. Bg5+ Ke8 25. Rd8+ 1-0

[Event "25th Klatovy A 2017"]
[Site "Klatovy CZE"]
[Date "2017.07.08"]
[Round "8.13"]
[White "Kopta, Pavel"]
[Black "Zahorbensky, Jaroslav"]
[Result "1-0"]
[WhiteElo "2238"]
[BlackElo "2050"]
[PlyCount "155"]
[EventDate "2017.07.01"]
[EventType "swiss"]
[EventRounds "9"]
[EventCountry "CZE"]
[SourceTitle "EXT 2018"]
[Source "ChessBase"]
[SourceDate "2017.10.13"]
[SourceVersion "1"]
[SourceVersionDate "2017.10.13"]
[SourceQuality "1"]

1. d4 d5 2. c4 c6 3. Nf3 Nf6 4. Nc3 Bf5 5. Qb3 Qb6 6. c5 Qc7 7. Bf4 Qc8 8. g3 Nbd7 9. Bg2 e6 10. O-O Be7 11. Rac1 Ne4 12. Nh4 g5 13. Nxf5 exf5 14. Be3 Qc7 15. f3 Nxc3 16. Rxc3 h5 17. f4 g4 18. Qc2 Nf8 19. Qxf5 Qd7 20. Qxd7+ Nxd7 21. f5 Bf6 22. Rd1 O-O-O 23. Bf4 Rde8 24. Re3 Rxe3 25. Bxe3 Rg8 26. Kf2 Bg5 27. Rf1 Bxe3+ 28. Kxe3 Re8+ 29. Kd3 Nf6 30. b4 a6 31. a4 Kd7 32. Rb1 Kc7 33. Rb3 b6 34. Kd2 Rb8 35. Kc2 Re8 36. cxb6+ Kxb6 37. Kd2 Ne4+ 38. Bxe4 Rxe4 39. Kd3 f6 40. Rc3 Re8 41. Rc1 Re7 42. Rf1 Re4 43. e3 Kc7 44. Rc1 Kd6 45. Rc5 Re8 46. Ra5 Rb8 47. Kc3 Rb6 48. Rc5 Rb8 49. Kb3 Rb7 50. Ka3 Rb8 51. Rc2 Re8 52. Re2 Rb8 53. a5 Re8 54. Kb3 Re7 55. Kc3 Re8 56. Kd3 Rb8 57. Rb2 Re8 58. Rb1 Re7 59. h3 gxh3 60. Rh1 Rb7 61. Rxh3 Rxb4 62. Rxh5 Rb3+ 63. Kd2 c5 64. Rh6 cxd4 65. exd4 Ke7 66. Rh7+ Ke8 67. Ra7 Rxg3 68. Rxa6 Ra3 69. Re6+ Kf7 70. a6 Rf3 71. Re3 Rf2+ 72. Kc3 Ra2 73. Re6 Ra4 74. Kb3 Ra1 75. Kb4 Ra2 76. Kc5 Ra5+ 77. Kb6 Ra1 78. Kb7 1-0

[Event "25th Klatovy A 2017"]
[Site "Klatovy CZE"]
[Date "2017.07.08"]
[Round "8.14"]
[White "Chmel, Kristian"]
[Black "Toman, Ondrej"]
[Result "1/2-1/2"]
[WhiteElo "2128"]
[BlackElo "2206"]
[PlyCount "70"]
[EventDate "2017.07.01"]
[EventType "swiss"]
[EventRounds "9"]
[EventCountry "CZE"]
[SourceTitle "EXT 2018"]
[Source "ChessBase"]
[SourceDate "2017.10.13"]
[SourceVersion "1"]
[SourceVersionDate "2017.10.13"]
[SourceQuality "1"]

1. e4 e6 2. d3 d5 3. Nd2 Nf6 4. Ngf3 c5 5. g3 Nc6 6. Bg2 Bd6 7. O-O O-O 8. Re1 Bc7 9. c3 b6 10. e5 Nd7 11. d4 Ba6 12. a3 Bd3 13. Nf1 Bg6 14. h4 cxd4 15. cxd4 b5 16. Ng5 h6 17. h5 hxg5 18. hxg6 fxg6 19. Be3 Bb6 20. Qd3 Qe7 21. Rad1 b4 22. Nh2 Qf7 23. Nf3 Bd8 24. axb4 Nxb4 25. Qd2 a5 26. Bxg5 Nb6 27. Bxd8 Nc4 28. Qg5 Raxd8 29. Qh4 g5 30. Nxg5 Qg6 31. b3 Nb2 32. Rd2 N2d3 33. Rf1 Rde8 34. Bh3 Nc6 35. f4 Nxd4 1/2-1/2

[Event "25th Klatovy A 2017"]
[Site "Klatovy CZE"]
[Date "2017.07.08"]
[Round "8.16"]
[White "Kozak, Milos"]
[Black "Hak, David"]
[Result "1-0"]
[WhiteElo "2138"]
[BlackElo "1777"]
[PlyCount "51"]
[EventDate "2017.07.01"]
[EventType "swiss"]
[EventRounds "9"]
[EventCountry "CZE"]
[SourceTitle "EXT 2018"]
[Source "ChessBase"]
[SourceDate "2017.10.13"]
[SourceVersion "1"]
[SourceVersionDate "2017.10.13"]
[SourceQuality "1"]

1. Nf3 d5 2. g3 Nf6 3. Bg2 Bf5 4. O-O Nbd7 5. d3 e5 6. Nbd2 Bc5 7. Qe1 O-O 8. e4 dxe4 9. dxe4 Bg6 10. Nh4 Qe7 11. Nxg6 fxg6 12. Qe2 Rf7 13. Nb3 Bb6 14. Be3 Bxe3 15. Qxe3 Ng4 16. Qe2 h5 17. f3 Nh6 18. Rad1 Nb6 19. Rf2 Raf8 20. Nc1 Ng4 21. Rff1 Qc5+ 22. Kh1 Ne3 23. Nd3 Qd4 24. c3 Qd8 25. Qxe3 Nc4 26. Qc5 1-0

[Event "25th Klatovy A 2017"]
[Site "Klatovy CZE"]
[Date "2017.07.08"]
[Round "8.17"]
[White "Pick, Stepan"]
[Black "Kaderabek, Jiri"]
[Result "1/2-1/2"]
[WhiteElo "2105"]
[BlackElo "2137"]
[PlyCount "28"]
[EventDate "2017.07.01"]
[EventType "swiss"]
[EventRounds "9"]
[EventCountry "CZE"]
[SourceTitle "EXT 2018"]
[Source "ChessBase"]
[SourceDate "2017.10.13"]
[SourceVersion "1"]
[SourceVersionDate "2017.10.13"]
[SourceQuality "1"]

1. Nf3 d5 2. c4 c6 3. e3 Nf6 4. Nc3 g6 5. d4 Bg7 6. Be2 O-O 7. O-O Nbd7 8. cxd5 cxd5 9. Qb3 Nb6 10. Rd1 Bd7 11. Ne5 Ne4 12. Nxd7 Nxc3 13. bxc3 Qxd7 14. c4 dxc4 1/2-1/2

[Event "25th Klatovy A 2017"]
[Site "Klatovy CZE"]
[Date "2017.07.08"]
[Round "8.18"]
[White "Trmal, Jaroslav"]
[Black "Zak, Pavel"]
[Result "1-0"]
[WhiteElo "2201"]
[BlackElo "2038"]
[PlyCount "45"]
[EventDate "2017.07.01"]
[EventType "swiss"]
[EventRounds "9"]
[EventCountry "CZE"]
[SourceTitle "EXT 2018"]
[Source "ChessBase"]
[SourceDate "2017.10.13"]
[SourceVersion "1"]
[SourceVersionDate "2017.10.13"]
[SourceQuality "1"]

1. d4 d5 2. c4 c6 3. Nf3 Nf6 4. Nc3 e6 5. e3 Bd6 6. Bd3 Nbd7 7. O-O O-O 8. e4 dxe4 9. Nxe4 Nxe4 10. Bxe4 f5 11. Bc2 e5 12. c5 Bc7 13. Bb3+ Kh8 14. Ng5 Qf6 15. Nxh7 Qh4 16. Nxf8 Nxf8 17. dxe5 Bxe5 18. f4 Bc7 19. Rf3 Nh7 20. Be3 Qh6 21. Rh3 Qg6 22. Rg3 Qe8 23. Bd4 1-0

[Event "25th Klatovy A 2017"]
[Site "Klatovy CZE"]
[Date "2017.07.08"]
[Round "8.19"]
[White "Kotal, Vaclav"]
[Black "Spicka, Jan"]
[Result "1/2-1/2"]
[WhiteElo "2070"]
[BlackElo "1959"]
[PlyCount "68"]
[EventDate "2017.07.01"]
[EventType "swiss"]
[EventRounds "9"]
[EventCountry "CZE"]
[SourceTitle "EXT 2018"]
[Source "ChessBase"]
[SourceDate "2017.10.13"]
[SourceVersion "1"]
[SourceVersionDate "2017.10.13"]
[SourceQuality "1"]

1. d4 Nf6 2. c4 g6 3. Nc3 Bg7 4. e4 d6 5. Nf3 O-O 6. Be2 Nbd7 7. O-O e5 8. Be3 Re8 9. d5 h6 10. Ne1 Nc5 11. f3 a5 12. Nd3 b6 13. Nxc5 bxc5 14. Qd2 Kh7 15. Bd1 Nd7 16. Ba4 Rf8 17. Bc6 Ra7 18. a3 Nb6 19. Bb5 f5 20. Na4 Ba6 21. Bxa6 Rxa6 22. Nxb6 cxb6 23. b4 fxe4 24. fxe4 Rxf1+ 25. Rxf1 axb4 26. axb4 Qh4 27. bxc5 bxc5 28. Qc2 Ra7 29. h3 h5 30. Qb1 Ra3 31. Bf2 Qe7 32. Qb5 Bh6 33. Rb1 Be3 34. Bxe3 Rxe3 1/2-1/2

[Event "25th Klatovy A 2017"]
[Site "Klatovy CZE"]
[Date "2017.07.08"]
[Round "8.20"]
[White "Dolansky, Lukas"]
[Black "Bartonicek, Zdenek"]
[Result "1-0"]
[WhiteElo "2065"]
[BlackElo "1942"]
[PlyCount "86"]
[EventDate "2017.07.01"]
[EventType "swiss"]
[EventRounds "9"]
[EventCountry "CZE"]
[SourceTitle "EXT 2018"]
[Source "ChessBase"]
[SourceDate "2017.10.13"]
[SourceVersion "1"]
[SourceVersionDate "2017.10.13"]
[SourceQuality "1"]

1. c4 Nf6 2. d4 c5 3. d5 e5 4. Nc3 d6 5. e4 Be7 6. g3 O-O 7. Bg2 Nbd7 8. Nge2 Ne8 9. O-O g6 10. Bh6 Ng7 11. Qd2 Kh8 12. Kh1 Nf6 13. h3 Bd7 14. f4 Ng8 15. Bxg7+ Kxg7 16. fxe5 Bg5 17. Qc2 dxe5 18. Ng1 Be3 19. Rae1 Bd4 20. Nf3 Rc8 21. Ne2 f6 22. Nexd4 cxd4 23. b4 Bb5 24. c5 Qd7 25. Rf2 Nh6 26. Nd2 Nf7 27. Ra1 Ba4 28. Qd3 a6 29. Nc4 Bb5 30. Nb6 Qd8 31. Qb1 Rb8 32. a4 Be8 33. Qd3 Nd6 34. g4 Nc8 35. Nc4 Na7 36. Qg3 Qe7 37. g5 f5 38. Nxe5 f4 39. Rxf4 Rxf4 40. Qxf4 Rd8 41. Ng4 Rd7 42. e5 Rd8 43. Qf6+ Qxf6 1-0

[Event "25th Klatovy A 2017"]
[Site "Klatovy CZE"]
[Date "2017.07.08"]
[Round "8.21"]
[White "Kopriva, Martin"]
[Black "Kejzlar, Lubos"]
[Result "1-0"]
[WhiteElo "2061"]
[BlackElo "1940"]
[PlyCount "37"]
[EventDate "2017.07.01"]
[EventType "swiss"]
[EventRounds "9"]
[EventCountry "CZE"]
[SourceTitle "EXT 2018"]
[Source "ChessBase"]
[SourceDate "2017.10.13"]
[SourceVersion "1"]
[SourceVersionDate "2017.10.13"]
[SourceQuality "1"]

1. e4 g6 2. d4 Bg7 3. Nc3 d6 4. Be2 a6 5. a4 b6 6. h4 h5 7. Be3 Nd7 8. f3 e6 9. Qd2 Bb7 10. g3 Ne7 11. Nh3 c5 12. O-O O-O 13. g4 Nc6 14. d5 Qxh4 15. Ng5 Qg3+ 16. Kh1 Nd4 17. Bf4 Qh4+ 18. Kg2 hxg4 19. Rh1 1-0

[Event "25th Klatovy A 2017"]
[Site "Klatovy CZE"]
[Date "2017.07.08"]
[Round "8.22"]
[White "Svanda, Ondrej"]
[Black "Novotny, Jaroslav2"]
[Result "1-0"]
[WhiteElo "2061"]
[BlackElo "1933"]
[PlyCount "69"]
[EventDate "2017.07.01"]
[EventType "swiss"]
[EventRounds "9"]
[EventCountry "CZE"]
[SourceTitle "EXT 2018"]
[Source "ChessBase"]
[SourceDate "2017.10.13"]
[SourceVersion "1"]
[SourceVersionDate "2017.10.13"]
[SourceQuality "1"]

1. e4 c5 2. Nc3 d6 3. f4 Nc6 4. Nf3 g6 5. Bb5 Bd7 6. O-O Bg7 7. d3 e6 8. f5 exf5 9. Bg5 Nce7 10. Bxd7+ Qxd7 11. exf5 f6 12. Bf4 gxf5 13. Nh4 h5 14. Qf3 O-O-O 15. a4 a6 16. Rad1 Qc6 17. Qf2 Bh6 18. d4 Bxf4 19. Qxf4 Nh6 20. Rfe1 Rd7 21. Rxe7 Rxe7 22. Ng6 Qe8 23. Nxh8 Qxh8 24. Qxd6 Qe8 25. Qxc5+ Kb8 26. Qd6+ Ka8 27. Qg3 Re3 28. Nd5 Rxg3 29. Nc7+ Kb8 30. Nxe8 Rg6 31. Nd6 Kc7 32. Nc4 f4 33. Rf1 Rg4 34. h3 Rh4 35. Nd2 1-0

[Event "25th Klatovy A 2017"]
[Site "Klatovy CZE"]
[Date "2017.07.08"]
[Round "8.23"]
[White "Brunova, Blanka"]
[Black "Mulenko, Alexander"]
[Result "1/2-1/2"]
[WhiteElo "1922"]
[BlackElo "2050"]
[PlyCount "71"]
[EventDate "2017.07.01"]
[EventType "swiss"]
[EventRounds "9"]
[EventCountry "CZE"]
[SourceTitle "EXT 2018"]
[Source "ChessBase"]
[SourceDate "2017.10.13"]
[SourceVersion "1"]
[SourceVersionDate "2017.10.13"]
[SourceQuality "1"]

1. e4 Nf6 2. Nc3 d5 3. exd5 Nxd5 4. d4 Nxc3 5. bxc3 g6 6. Bd3 Bg7 7. Ne2 O-O 8. O-O Nd7 9. Ng3 e5 10. Be3 f5 11. f4 e4 12. Bc4+ Kh8 13. Nh1 c6 14. Qe1 Nf6 15. Bf2 Nd5 16. Bh4 Qa5 17. Bxd5 cxd5 18. Be7 Rf7 19. Bb4 Qc7 20. a4 a5 21. Ba3 Bd7 22. Bb2 Qc4 23. Nf2 Bxa4 24. Nh3 Bf6 25. Ng5 Bxg5 26. fxg5 f4 27. Bc1 Raf8 28. Qh4 e3 29. Ba3 Qxc3 30. Bxf8 Qxd4 31. Rxa4 Qxa4 32. Bd6 e2 33. Be5+ Kg8 34. Re1 Qe4 35. Bf6 f3 36. Qf2 1/2-1/2

[Event "25th Klatovy A 2017"]
[Site "Klatovy CZE"]
[Date "2017.07.08"]
[Round "8.24"]
[White "Srba, Stanislav"]
[Black "Nemec, David"]
[Result "1/2-1/2"]
[WhiteElo "1924"]
[BlackElo "2043"]
[PlyCount "53"]
[EventDate "2017.07.01"]
[EventType "swiss"]
[EventRounds "9"]
[EventCountry "CZE"]
[SourceTitle "EXT 2018"]
[Source "ChessBase"]
[SourceDate "2017.10.13"]
[SourceVersion "1"]
[SourceVersionDate "2017.10.13"]
[SourceQuality "1"]

1. d4 Nf6 2. c4 e6 3. Nf3 b6 4. Bg5 Bb7 5. e3 Be7 6. Nc3 O-O 7. Be2 Ne4 8. Nxe4 Bxe4 9. Bxe7 Qxe7 10. O-O d6 11. Nd2 Bb7 12. Bf3 Bxf3 13. Qxf3 Nd7 14. d5 a5 15. e4 e5 16. Qe3 f5 17. f4 fxe4 18. Nxe4 exf4 19. Rxf4 Rxf4 20. Qxf4 Rf8 21. Qe3 Qe5 22. Re1 Re8 23. Qd2 Kh8 24. Re2 Qf5 25. Nc3 Ne5 26. b3 h6 27. Rf2 1/2-1/2

[Event "25th Klatovy A 2017"]
[Site "Klatovy CZE"]
[Date "2017.07.08"]
[Round "8.25"]
[White "Hajek, Jiri2"]
[Black "Pavlicek, Petr"]
[Result "1-0"]
[WhiteElo "2013"]
[BlackElo "1899"]
[PlyCount "57"]
[EventDate "2017.07.01"]
[EventType "swiss"]
[EventRounds "9"]
[EventCountry "CZE"]
[SourceTitle "EXT 2018"]
[Source "ChessBase"]
[SourceDate "2017.10.13"]
[SourceVersion "1"]
[SourceVersionDate "2017.10.13"]
[SourceQuality "1"]

1. e4 c5 2. Nf3 d6 3. Bb5+ Bd7 4. Bxd7+ Qxd7 5. c4 Nc6 6. d4 cxd4 7. Nxd4 Nf6 8. Nc3 g6 9. f3 Bg7 10. Be3 Rc8 11. b3 O-O 12. O-O Rfd8 13. Rc1 e6 14. Qd2 b6 15. Rfd1 Qe8 16. Nxc6 Qxc6 17. Qf2 Rd7 18. g4 Rcd8 19. Nb5 Ne8 20. a4 Rb8 21. Nd4 Qb7 22. b4 Rc8 23. b5 Bf8 24. Nc6 Ng7 25. a5 bxa5 26. Ra1 Rxc6 27. bxc6 Qxc6 28. Rxa5 a6 29. Qa2 1-0

[Event "25th Klatovy A 2017"]
[Site "Klatovy CZE"]
[Date "2017.07.08"]
[Round "8.26"]
[White "Stanek, Petr"]
[Black "Stinka, Jakub"]
[Result "0-1"]
[WhiteElo "1888"]
[BlackElo "1991"]
[PlyCount "54"]
[EventDate "2017.07.01"]
[EventType "swiss"]
[EventRounds "9"]
[EventCountry "CZE"]
[SourceTitle "EXT 2018"]
[Source "ChessBase"]
[SourceDate "2017.10.13"]
[SourceVersion "1"]
[SourceVersionDate "2017.10.13"]
[SourceQuality "1"]

1. d4 Nf6 2. c4 d6 3. Nf3 g6 4. Nc3 Bg7 5. e4 O-O 6. Be2 e5 7. d5 a5 8. O-O Na6 9. Ne1 Nc5 10. f3 Nfd7 11. Nd3 Nxd3 12. Bxd3 Nc5 13. Be3 f5 14. Kh1 f4 15. Bg1 g5 16. Be2 h5 17. Rb1 Bd7 18. Nb5 Rf6 19. b3 Rg6 20. Re1 g4 21. Bf1 Bf6 22. Re2 Bh4 23. Rd2 Qg5 24. Bxc5 dxc5 25. Nxc7 Bg3 26. h3 gxh3 27. gxh3 Bh2 0-1

[Event "25th Klatovy A 2017"]
[Site "Klatovy CZE"]
[Date "2017.07.08"]
[Round "8.27"]
[White "Skopec, Lubos"]
[Black "Hodan, Jiri"]
[Result "1-0"]
[WhiteElo "1972"]
[BlackElo "1876"]
[PlyCount "53"]
[EventDate "2017.07.01"]
[EventType "swiss"]
[EventRounds "9"]
[EventCountry "CZE"]
[SourceTitle "EXT 2018"]
[Source "ChessBase"]
[SourceDate "2017.10.13"]
[SourceVersion "1"]
[SourceVersionDate "2017.10.13"]
[SourceQuality "1"]

1. e4 e5 2. Nf3 Nc6 3. c3 Nf6 4. d4 exd4 5. e5 Qe7 6. cxd4 d6 7. Bb5 Bd7 8. O-O Ng8 9. Bg5 f6 10. exf6 gxf6 11. Re1 fxg5 12. Rxe7+ Bxe7 13. Nxg5 Nf6 14. d5 Ne5 15. Bxd7+ Kxd7 16. f4 Ng6 17. f5 Ne5 18. Ne6 Rhg8 19. Nc3 Rg4 20. h3 Rg3 21. Qa4+ c6 22. dxc6+ bxc6 23. Ne2 Re3 24. Qa6 Rxe2 25. Qb7+ Ke8 26. Qxa8+ Kf7 27. Nd4 1-0

[Event "25th Klatovy A 2017"]
[Site "Klatovy CZE"]
[Date "2017.07.08"]
[Round "8.28"]
[White "Kusa, Jakub"]
[Black "Cekan, Petr1"]
[Result "1/2-1/2"]
[WhiteElo "1828"]
[BlackElo "1965"]
[PlyCount "34"]
[EventDate "2017.07.01"]
[EventType "swiss"]
[EventRounds "9"]
[EventCountry "CZE"]
[SourceTitle "EXT 2018"]
[Source "ChessBase"]
[SourceDate "2017.10.13"]
[SourceVersion "1"]
[SourceVersionDate "2017.10.13"]
[SourceQuality "1"]

1. e4 c5 2. Nf3 Nc6 3. d4 cxd4 4. Nxd4 Nf6 5. Nc3 g6 6. Be3 Bg7 7. Bc4 O-O 8. Bb3 d6 9. h3 Na5 10. O-O Nxb3 11. axb3 d5 12. Ndb5 a6 13. Nxd5 Nxd5 14. Qxd5 Qxd5 15. exd5 Bf5 16. Nd4 Bxd4 17. Bxd4 Bxc2 1/2-1/2

[Event "25th Klatovy A 2017"]
[Site "Klatovy CZE"]
[Date "2017.07.08"]
[Round "8.29"]
[White "Krauskopfova, Lenka 1996"]
[Black "Molkanov, Oleg 2001"]
[Result "0-1"]
[WhiteElo "1986"]
[BlackElo "2117"]
[PlyCount "96"]
[EventDate "2017.07.01"]
[EventType "swiss"]
[EventRounds "9"]
[EventCountry "CZE"]
[SourceTitle "EXT 2018"]
[Source "ChessBase"]
[SourceDate "2017.10.13"]
[SourceVersion "1"]
[SourceVersionDate "2017.10.13"]
[SourceQuality "1"]

1. c4 f5 2. Nc3 Nf6 3. g3 g6 4. Bg2 Bg7 5. e3 d6 6. d4 c6 7. Nf3 O-O 8. O-O Qe8 9. d5 c5 10. Rb1 h6 11. b3 g5 12. h4 Qh5 13. Bb2 f4 14. exf4 gxf4 15. Nh2 Qxd1 16. Rbxd1 Ng4 17. Rd2 fxg3 18. fxg3 Bd4+ 19. Rxd4 cxd4 20. Nb5 Rxf1+ 21. Bxf1 Na6 22. Bxd4 Nxh2 23. Kxh2 b6 24. Be3 h5 25. Nd4 Bg4 26. Bg5 Kf7 27. Bg2 Rd8 28. Be4 Nc5 29. Bc2 a5 30. a3 Re8 31. Nb5 Nd7 32. Be3 Rb8 33. Kg2 Ne5 34. Be4 a4 35. bxa4 Nxc4 36. Bg5 Ra8 37. Bd3 Ne5 38. Bc2 Bf3+ 39. Kf2 Bxd5 40. Ke3 Rc8 41. Bd1 Ng4+ 42. Kd4 Be6 43. Bf3 Rc4+ 44. Kd3 Ne5+ 45. Ke3 Nxf3 46. Kxf3 Rxa4 47. Be3 Bd7 48. Nd4 Rxa3 0-1

[Event "25th Klatovy A 2017"]
[Site "Klatovy CZE"]
[Date "2017.07.08"]
[Round "8.30"]
[White "Sprenar, Petr"]
[Black "Zizka, Petr"]
[Result "1-0"]
[WhiteElo "2042"]
[BlackElo "1966"]
[PlyCount "79"]
[EventDate "2017.07.01"]
[EventType "swiss"]
[EventRounds "9"]
[EventCountry "CZE"]
[SourceTitle "EXT 2018"]
[Source "ChessBase"]
[SourceDate "2017.10.13"]
[SourceVersion "1"]
[SourceVersionDate "2017.10.13"]
[SourceQuality "1"]

1. d4 Nf6 2. c4 g6 3. Nc3 Bg7 4. e4 d6 5. f3 O-O 6. Be3 c6 7. Qd2 Na6 8. g4 Nc7 9. Bh6 Rb8 10. h4 b5 11. h5 e5 12. Bxg7 Kxg7 13. O-O-O Qe7 14. dxe5 dxe5 15. Qd6 Re8 16. Nge2 Bb7 17. Qxe7 Rxe7 18. h6+ Kf8 19. g5 Nh5 20. Bh3 Bc8 21. Rd8+ Re8 22. Rxe8+ Kxe8 23. Bg4 Bxg4 24. fxg4 Nf4 25. Nxf4 exf4 26. cxb5 cxb5 27. Rf1 Ne6 28. Nd5 Nxg5 29. Rxf4 Kd7 30. Kd2 Ke6 31. Ke3 Ke5 32. Nb4 Rc8 33. Nd3+ Ke6 34. e5 Rc4 35. Rf6+ Ke7 36. Ra6 Rxg4 37. Rxa7+ Ke6 38. Ra6+ Kd5 39. Rd6+ Kc4 40. b3+ 1-0